Olympic Sports That Begin With B - Statistics

General Stats
  • This quiz has been taken 28 times
  • The average score is 3 of 12
Answer Stats
Introduced Sport % Correct
Berlin 1936 Basketball
81%
Barcelona 1992 Badminton
58%
Chamonix 1924 Bobsleigh
46%
Squaw Vally 1960 Biathlon
42%
St Louis 1904 Boxing
38%
Paris 2024 Breaking
35%
Atlanta 1996 Beach Volleyball
12%
Youth Olympics Baseball 5
4%
Barcelona 1992 Baseball Softball
4%
Tokyo 2020 Basketball 3x3
4%
Youth Olympics Beach Handball
4%
Youth Olympics Beach Wrestling
4%
No matching quizzes found
Score Distribution
Percent of People with Each Score
Percentile by Number Answered
Your Score History
You have not taken this quiz